| 000 | 00359nam a2200121Ia 4500 | ||
|---|---|---|---|
| 008 | 230907s9999||||xx |||||||||||||| ||und|| | ||
| 082 |
_a621.3815 _bFLE |
||
| 100 |
_aFletcher, William I., _991859 |
||
| 245 | 3 | _aAn engineering approach to digital design / | |
| 260 |
_aPrentice-Hall, _bEnglewood Cliffs, N.J. : _c2009 |
||
| 300 | _axviii, 766 p. : | ||
| 942 | _cBK | ||
| 999 |
_c598868 _d598868 |
||